Súčasný stav siete ľudových knižníc na Slovensku Na základe zisťovania k 31.12.1991

Guardado en:
Detalles Bibliográficos
Autor principal: Kalinová, Vlasta
Formato: Libro
Lenguaje:eslovaco
Publicado: Bratislava Matica slovenská 1992
Edición:1. vyd.
Materias:
Etiquetas: Agregar Etiqueta
Sin Etiquetas, Sea el primero en etiquetar este registro!

MARC

LEADER 00000nam a2200000 4500
001 c003003
005 20221214090702.9
041 0 |a slo 
044 |a SK 
245 1 0 |a Súčasný stav siete ľudových knižníc na Slovensku  |b Na základe zisťovania k 31.12.1991  |c Vlasta Kalinová 
250 |a 1. vyd. 
264 1 |a Bratislava  |b Matica slovenská  |c 1992 
300 |a 43 s. 
610 2 0 |a knižnice 
610 2 0 |a Slovensko 
610 2 0 |a 1991 
610 2 0 |a údaje štatistické 
100 1 |a Kalinová, Vlasta